| 000 | 01063cam a2200289 i 4500 | ||
|---|---|---|---|
| 999 |
_c21701 _d21701 |
||
| 001 | 1270203 | ||
| 003 | BDDh-ASL | ||
| 005 | 20231015030029.0 | ||
| 008 | 741112s1974 ii ab b 001 0 eng | ||
| 010 | _a 74902034 | ||
| 020 | _cRs65.00 | ||
| 040 |
_aDLC _cDLC _dDLC _dBDDh-ASL |
||
| 043 |
_aa-ii--- _aa-pk--- |
||
| 050 | 0 | 0 |
_aDS485.K2 _bS28 1974 |
| 082 | 0 | 0 |
_a954.6 _bSAP |
| 100 | 1 | _aSaxena, Krishna Swarup. | |
| 245 | 1 | 0 |
_aPolitical history of Kashmir, B.C. 300-A.D. 1200 / _cby K. S. Saxena ; with a foreword by Karan Singh. |
| 260 |
_aLucknow : _bUpper India Pub. House, _c1974. |
||
| 300 |
_axvi, 364 p. : _bill., maps ; _c25 cm. |
||
| 500 | _aRunning title: History of Kashmir. | ||
| 500 | _a"Revised and enlarged form of the author's thesis approved for the award of the degree of doctor of philosophy by the Lucknow University in the year 1971." | ||
| 500 | _aIncludes index. | ||
| 504 | _aBibliography: p. 329-335. | ||
| 651 | 0 |
_aKashmir _xPolitics and government. |
|
| 906 |
_a7 _bcbc _corignew _d4 _encip _f19 _gy-gencatlg |
||
| 942 |
_2ddc _cBK |
||